Stati dell'America del Sud da Sud a Nord - Statistics

Statistiche generali
  • Questo quiz è stato fatto 36 volte
  • Il punteggio medio è 11 su 12
Statistiche sulle risposte
Latitudine punto nazionale più a NordHint Stato % Corretto
55°04′S Argentina
97%
56°32′S Cile
97%
35°02′S Uruguay
94%
33°45′S Brasile
90%
04°14′S Colombia
87%
05°00′S Ecuador
87%
27°43′S Paraguay
87%
18°21′S Perù
87%
00°40′N Venezuela
87%
22°54′S Bolivia
84%
01°11′N Guyana
81%
01°50′N Suriname
81%
Nessun quiz corrispondente trovato
Distribuzione punteggi
Percentuale di utenti per punteggio
Percentile per numero di risposta
I tuoi punteggi nel tempo
Non hai fatto questo quiz